Statystyki dla JAKA MOŻE BYĆ GAŁKA?

Kliknij tutaj aby rozwiązać quiz!

Ogólne statystyki

  • Ten quiz został rozwiązany 28 razy
  • Średni wynik to 3 z 5

Statystyki odpowiedzi

Odpowiedź% Poprawnych
LODÓW
96%
MUSZKATOŁOWA
71%
OCZNA
71%
DO DRZWI
25%
ZMIANY BIEGÓW
21%

Rozkład punktacji

Percentyl według liczby udzielonych odpowiedzi

Procent ludzi z każdym wynikiem

Twoja historia wyników

Nie rozwiązałeś tego quizu